Principios matemáticos del proceso térmico de alimentos

Gardado en:
Detalles Bibliográficos
Main Authors: Miranda-Zamora, William Rolando (autor), Teixeira, Arthur A (Author)
Formato: Libro
Idioma:Lingua castelá
Publicado: Madrid, España Antonio Madrid Vicente Ediciones 2012
Edición:Primera edición
Subjects:
Tags: Engadir etiqueta
Sen Etiquetas, Sexa o primeiro en etiquetar este rexistro!

MARC

LEADER 00000cam a2200000 a 4500
001 UCE5013
003 CL-VaPUC
005 20220120145413.0
008 141127e20120000sp |||||||||||||||||spa|d
020 |a 9788496709867 
040 |c Pontificia Universidad Católica de Valparaíso 
082 0 4 |a 664.028 MIR 2012  |2 21 
100 |a Miranda-Zamora, William Rolando  |e autor  |9 577510 
245 1 0 |a Principios matemáticos del proceso térmico de alimentos 
250 |a Primera edición  
260 |a Madrid, España   |c 2012  |b Antonio Madrid Vicente Ediciones 
300 |a 559 páginas  
583 |a last modification  |c 20141127 16:34:00  |k Rodrigo Vera 
650 0 |a Alimentos envasados  |2 CL-VaPUC  |9 405915 
650 0 |a Tratamiento térmico   |2 CL-VaPUC  |9 262650 
650 0 |a Procesamiento de alimentos   |x Alimentos   |9 264607 
650 0 |a Técnicas de conservación   |2 CL-VaPUC  |9 463876 
700 0 |a Teixeira, Arthur A  |e author  |9 577511 
942 |c BK  |2 ddc 
945 |d 20141127 16:34:00  |a arojas 
999 |c 357859  |d 357857 
952 |0 0  |1 0  |3 erb  |4 0  |6 664_028000000000000_MIR_2012  |7 0  |8 A  |9 465963  |a BIBALI  |b BIBALI  |c GEN  |i 5126053  |l 8  |m 4  |o 664.028 MIR 2012  |p 5126053  |q 2025-07-31  |r 2024-03-14  |s 2024-03-14  |w 2019-11-23  |y BK  |z Catalogado en:20141127  |k ALI 
952 |0 0  |1 0  |2 ddc  |4 0  |6 664_028000000000000_MIR_2012  |7 0  |8 A  |9 578543  |a BIBALI  |b BIBALI  |c GEN  |d 2021-08-03  |e 3  |g 43300.00  |i 5587069  |l 17  |m 5  |o 664.028 MIR 2012  |p 5587069  |q 2025-05-12  |r 2025-05-05  |s 2025-05-05  |t 3  |v 43300.00  |w 2021-08-03  |y BK  |k ALI 
952 |0 0  |1 0  |2 ddc  |4 0  |6 664_028000000000000_MIR_2012  |7 0  |8 A  |9 578544  |a BIBALI  |b BIBALI  |c GEN  |d 2021-08-03  |e 3  |g 43300.00  |i 5587050  |l 10  |m 1  |o 664.028 MIR 2012  |p 5587050  |r 2025-01-20  |s 2024-06-12  |t 2  |v 43300.00  |w 2021-08-03  |y BK_R  |k ALI